Histoire philosophique et politique des deux Indes
Αποθηκεύτηκε σε:
| Κύριος συγγραφέας: | |
|---|---|
| Μορφή: | Βιβλίο |
| Γλώσσα: | French |
| Δημοσίευση: |
Paris :
Francois Maspero,
1981
|
| Σειρά: | La Decouverte ;
; 39 |
| Θέματα: | |
| Ετικέτες: |
Προσθήκη ετικέτας
Δεν υπάρχουν, Καταχωρήστε ετικέτα πρώτοι!
|
MARC
| LEADER | 00000nam a2200000 i 4500 | ||
|---|---|---|---|
| 001 | 1/105923 | ||
| 008 | 950626s1981 fre d | ||
| 020 | |a 2-7071-1243-7 | ||
| 035 | |l 10013856 | ||
| 040 | |a GR-MY-UA |b gre |e aacr | ||
| 041 | 0 | |a fre | |
| 082 | 0 | |a 913.04 | |
| 100 | 1 | |a Rayanal, Guillaume. | |
| 245 | 1 | 0 | |a Histoire philosophique et politique des deux Indes / |c Guillaume Raynal ; Avertissement et choix des textes par Yves Benot |
| 260 | |a Paris : |b Francois Maspero, |c 1981 | ||
| 300 | |a 381 p. | ||
| 490 | 1 | |a La Decouverte |v ; 39 | |
| 650 | 0 | 0 | |a Discoveries in geography. |
| 651 | 0 | |a Europe |x Colonies. | |
| 830 | 0 | |a La Decouverte ; |v ; 39 | |
| 852 | |a INST |b LESVOS |e 19950626 |h 913.04 RAY |p 005100008433 |q 005100008433 |t BK |y 0 | ||
| 909 | |a Λ |b 020896 | ||
| 922 | |a 1ΕΛΗ |b 199108 |c ΠΠ/160 | ||